Minecraft Quiz: All Villagers Jobs - Statistics

General Stats
  • This quiz has been taken 108 times
  • The average score is 8 of 13
Answer Stats
Hint Answer % Correct
Composter Farmer
87%
Lectern Librarian
83%
Fletching Table Fletcher
75%
Cartography Table Cartographer
74%
barrel Fisherman
69%
Brewing Stand Cleric
66%
Smithing Table Toolsmith
61%
Smoker Butcher
60%
Grindstone Weaponsmith
57%
Cauldron Leatherworker
53%
Stonecutter Mason
52%
Blast Furnace Armourer
35%
Loom Shepherd
32%
No matching quizzes found
Score Distribution
Percent of People with Each Score
Percentile by Number Answered
Your Score History
You have not taken this quiz